| 000 | 00560nam a22001817a 4500 | ||
|---|---|---|---|
| 999 |
_c171508 _d171508 |
||
| 005 | 20200114161908.0 | ||
| 010 | _aENG-127415 | ||
| 020 |
_a9353163757 _c775.00 |
||
| 035 | _aEN-110947 | ||
| 037 | _bDBAD/PUB | ||
| 082 | _a347.7 | ||
| 100 | _aPathak,Akhileshwar | ||
| 245 |
_aLegal aspects of business/ _cby Akhileshwar Pathak |
||
| 260 |
_aChennai _bMcGraw Hill Education _c2018 |
||
| 270 |
_a444/1,Sri Ekambara Naicker Industrial Estate,Alapakkam,Porur _bChennai _e600116 |
||
| 300 |
_a941p. _c24cm(pbk) |
||
| 942 |
_2ddc _cEN _h347.7 _mPAT |
||